Rickshaws in Calcutta (Record no. 19322)

MARC details
000 -LEADER
fixed length control field 00324nam a2200145Ia 4500
082 ## - DEWEY DECIMAL CLASSIFICATION NUMBER
Classification number RR.008;
100 ## - MAIN ENTRY--AUTHOR NAME
Personal name Unnayan
245 #0 - TITLE STATEMENT
Title Rickshaws in Calcutta
260 ## - PUBLICATION, DISTRIBUTION, ETC. (IMPRINT)
Year of publication 1981
300 ## - PHYSICAL DESCRIPTION
Number of Pages 53p.
650 ## - SUBJECT ADDED ENTRY--TOPICAL TERM
Topical Term RICKSHAW MEN - WEST BENGAL - CALCUTTA
700 ## - ADDED ENTRY--PERSONAL NAME
Personal name Thomas, T.H.
710 ## - ADDED ENTRY--CORPORATE NAME
Corporate name or jurisdiction name as entry element Unnayan, Calcutta
942 ## - ADDED ENTRY ELEMENTS (KOHA)
Koha item type Research Reports
Source of classification or shelving scheme Dewey Decimal Classification
Holdings
Withdrawn status Lost status Damaged status Not for loan Home library Current library Date acquired Bill Date Full call number Accession Number Price effective from Koha item type
        NASSDOC Library NASSDOC Library 08/10/2004 2004-10-22 RR.008; 28410 18/04/2019 Research Reports